CJ Stroud's Texans Touchdown Passes - Statistics

General Stats
  • This quiz has been taken 73 times
  • The average score is 4 of 7
Answer Stats
Touchdowns Caught Player % Correct
7 Nico Collins
98%
7 Tank Dell
96%
4 Dalton Schultz
86%
1 Robert Woods
44%
2 Brevin Jordan
40%
1 Noah Brown
33%
1 Andrew Beck
14%
No matching quizzes found
Score Distribution
Percent of People with Each Score
Percentile by Number Answered
Your Score History
You have not taken this quiz